000 01081nam a22003257ia4500
999 _c174840
_d174840
005 20191110125334.0
008 191106t20162016enkao j 001 0 eng d
020 _a9781406296464
_qhardback
_cRM81.20
040 _aPPAK
_beng
_cPPAK
_erda
082 0 4 _a796.01
_223
090 0 0 _a796.01
_bROY
_dRK
100 1 _aRoyston, Angela,
_eauthor.
245 1 0 _aWin that SPRINT! :
_bForces in Sport /
_cAngela Royston ; Edited by Helen Cox Cannons and Holly Beaumont
264 1 _aLondon :
_bRaintree,
_c[2016]
264 4 _c©2016
300 _a48 pages :
_bcolour illustrations, colour photographs ;
_c25 cm
336 _2rdacontent
_atext
337 _2rdamedia
_aunmediated
338 _2rdacarrier
_avolume
490 1 _aFEEL THE FORCE
500 _aIncludes index.
504 _aBibliography: page 46.
650 1 0 _aForce and energy
_vJuvenile literature
650 2 0 _aMotion
_vJuvenile literature
650 2 0 _aSports
_vJuvenile literature
700 1 _aCox-Cannons, Helen,
_eeditor.
700 1 _aBeaumont, Holly,
_eeditor.
830 0 _aFeel the force
942 _2ddc
_cB